<?xml version="1.0" encoding="UTF-8"?>
<record
    xmlns:xsi="http://www.w3.org/2001/XMLSchema-instance"
    xsi:schemaLocation="http://www.loc.gov/MARC21/slim http://www.loc.gov/standards/marcxml/schema/MARC21slim.xsd"
    xmlns="http://www.loc.gov/MARC21/slim">

  <leader>01648nam a22002417a 4500</leader>
  <datafield tag="999" ind1=" " ind2=" ">
    <subfield code="c">5997</subfield>
    <subfield code="d">5997</subfield>
  </datafield>
  <controlfield tag="003">DO-SdBJH</controlfield>
  <controlfield tag="005">20210309145317.0</controlfield>
  <controlfield tag="008">210309b           ||||| |||| 00| 0 spa d</controlfield>
  <datafield tag="040" ind1=" " ind2=" ">
    <subfield code="a">DO-SdBJH</subfield>
    <subfield code="b">spa</subfield>
    <subfield code="c">DO-SdBJH</subfield>
  </datafield>
  <datafield tag="090" ind1=" " ind2=" ">
    <subfield code="a">TG EGAEE</subfield>
    <subfield code="b">01407 2018</subfield>
  </datafield>
  <datafield tag="100" ind1="1" ind2=" ">
    <subfield code="a">D Oleo Guerrero, Yannina </subfield>
    <subfield code="e">sustentante</subfield>
  </datafield>
  <datafield tag="245" ind1="1" ind2="0">
    <subfield code="a">Los hoteles, las termoel&#xE9;ctricas y las zonas francas y su impacto a los niveles de contaminaci&#xF3;n ambiental en Rep&#xFA;blica Dominicana, per&#xED;odo 2010-2016 / </subfield>
    <subfield code="c"> Yannina  D Oleo Guerrero, Bismarck Jos&#xE9; Hern&#xE1;ndez D Oleo, asesores Francisco Acosta, Judit S. De Le&#xF3;n Santana</subfield>
  </datafield>
  <datafield tag="260" ind1=" " ind2=" ">
    <subfield code="a">Santo Domingo :</subfield>
    <subfield code="b">INSUDE, </subfield>
    <subfield code="c">2018</subfield>
  </datafield>
  <datafield tag="300" ind1=" " ind2=" ">
    <subfield code="a">iv, 90 p&#xE1;ginas, cuadros</subfield>
  </datafield>
  <datafield tag="502" ind1=" " ind2=" ">
    <subfield code="a">Tesis (Maestr&#xED;a en Defensa y Seguridad Nacional). -- Instituto Superior para la Defensa (INSUDE). Escuela de Graduados en Altos Estudios Estrat&#xE9;gico, 2018</subfield>
  </datafield>
  <datafield tag="504" ind1=" " ind2=" ">
    <subfield code="a">Incluye referencias bibliogr&#xE1;ficas e &#xED;ndices</subfield>
  </datafield>
  <datafield tag="505" ind1=" " ind2=" ">
    <subfield code="a">Conformaci&#xF3;n de la estructura productiva de la Rep&#xFA;blica Dominicana. -- An&#xE1;lisis de los problemas medio ambientales. -- Pol&#xED;ticas, estrategias y reglamentaciones aplicables a los hoteles, zonas francas y termoel&#xE9;ctricas para minimizar su impacto en los niveles de contaminaci&#xF3;n ambiental. -- Medidas tomadas por los hoteles, las zonas francas y las generadoras termoel&#xE9;ctricas para prevenir y mitigar los da&#xF1;os al medio ambiente</subfield>
  </datafield>
  <datafield tag="700" ind1="1" ind2=" ">
    <subfield code="a">Hern&#xE1;ndez D Oleo, Bismarck Jos&#xE9;</subfield>
    <subfield code="e">sustentante</subfield>
  </datafield>
  <datafield tag="700" ind1="1" ind2=" ">
    <subfield code="a">Acosta, Francisco</subfield>
    <subfield code="e">asesor</subfield>
  </datafield>
  <datafield tag="700" ind1="1" ind2=" ">
    <subfield code="a">De Le&#xF3;n Santana, Judit S.</subfield>
    <subfield code="e">asesor</subfield>
  </datafield>
  <datafield tag="830" ind1=" " ind2=" ">
    <subfield code="a">INSUDE.  Escuela de Graduados en Altos Estudios Estrat&#xE9;gico.  Tesis y disertaciones acad&#xE9;micas</subfield>
  </datafield>
  <datafield tag="942" ind1=" " ind2=" ">
    <subfield code="2">CL</subfield>
    <subfield code="c">T</subfield>
  </datafield>
  <datafield tag="952" ind1=" " ind2=" ">
    <subfield code="0">0</subfield>
    <subfield code="1">0</subfield>
    <subfield code="2">CL</subfield>
    <subfield code="4">0</subfield>
    <subfield code="7">1</subfield>
    <subfield code="8">TG</subfield>
    <subfield code="a">BJHA</subfield>
    <subfield code="b">BJHA</subfield>
    <subfield code="d">2021-03-09</subfield>
    <subfield code="i">01407</subfield>
    <subfield code="l">0</subfield>
    <subfield code="o">TG EGAEE 01407 2018</subfield>
    <subfield code="p">01407</subfield>
    <subfield code="r">2021-03-09 00:00:00</subfield>
    <subfield code="t">e.1</subfield>
    <subfield code="w">2021-03-09</subfield>
    <subfield code="y">T</subfield>
  </datafield>
</record>
